|
|
|
|
| LEADER |
00000nam0a2200000 4500 |
| 001 |
246181 |
| 005 |
20231101232201.0 |
| 010 |
|
|
|a 0407004734
|
| 035 |
|
|
|a (RuTPU)RU\TPU\book\267623
|
| 090 |
|
|
|a 246181
|
| 100 |
|
|
|a 20131125d1988 k y0engy50 ba
|
| 101 |
0 |
|
|a eng
|
| 102 |
|
|
|a GB
|
| 105 |
|
|
|a y z 001zy
|
| 200 |
1 |
|
|a Practical General Practice
|e Guidelines for logical management
|f A. Khot, A. Polmear
|
| 210 |
|
|
|a London
|c Butterworths
|d 1988
|
| 215 |
|
|
|a 323 p.
|
| 320 |
|
|
|a Index: p. 317-323.
|
| 606 |
1 |
|
|a Организация управления
|x Оценка
|2 stltpush
|3 (RuTPU)RU\TPU\subj\47296
|9 66350
|
| 610 |
1 |
|
|a практикумы
|
| 610 |
1 |
|
|a руководящие указания
|
| 610 |
1 |
|
|a менеджмент
|
| 610 |
1 |
|
|a управление
|
| 610 |
1 |
|
|a поведение
|
| 610 |
1 |
|
|a сертификация
|
| 675 |
|
|
|a 651.01
|v 3
|
| 700 |
|
1 |
|a Khot
|b A.
|g Alex
|
| 701 |
|
1 |
|a Polmear
|b A.
|g Andrew
|
| 801 |
|
1 |
|a RU
|b 63413507
|c 20131125
|
| 801 |
|
2 |
|a RU
|b 63413507
|c 20131204
|g RCR
|
| 942 |
|
|
|c BK
|